Bharathiyin meignanam (Record no. 3850)
[ view plain ]
| 000 -LEADER | |
|---|---|
| fixed length control field | 00416nam a2200157Ia 4500 |
| 005 - DATE AND TIME OF LATEST TRANSACTION | |
| control field | 20250322121429.0 |
| 008 - FIXED-LENGTH DATA ELEMENTS--GENERAL INFORMATION | |
| fixed length control field | 240331s9999 xx 000 0 und d |
| 082 ## - DDC Classification | |
| Item Number - Author Mark | RAV |
| Class No. | 894 |
| 100 ## - MAIN ENTRY--PERSONAL NAME | |
| Personal name | Raveendran, N |
| 245 #0 - TITLE STATEMENT | |
| Title | Bharathiyin meignanam |
| 250 ## - EDITION STATEMENT | |
| Edition statement | 2nd |
| 260 ## - PUBLICATION, DISTRIBUTION, ETC. | |
| Place of publication, distribution, etc. | Madras |
| Name of publisher, distributor, etc. | Suriya Achagam |
| Date of publication, distribution, etc. | 1986 |
| 300 ## - PHYSICAL DESCRIPTION | |
| Extent (e.g. Volumes, Pages etc.) | 201 p ., |
| 500 ## - GENERAL NOTE | |
| General note | A Book about Bharthiyin sinthanikal um avarin valakia varlarum |
| 942 ## - Koha item type (Biblio) | |
| Koha item type | Books in Stacks (Lending) |
| Lost status | Damaged status | Collection code | Home library | Current library | Shelving location | Date acquired | Full call number | Accession Number | Item type |
|---|---|---|---|---|---|---|---|---|---|
| Lending | WERC Library | WERC Library | Social Science Cupboard | 03/31/2024 | 894.811 RAV | 1562 | Books in Stacks (Lending) |
